The essence of bhakti/ (Record no. 191555)

MARC details
000 -LEADER
fixed length control field 00692nam a22001937a 4500
005 - DATE AND TIME OF LATEST TRANSACTION
control field 20220829162234.0
010 ## - LCCN (DPL NO)
LC control number ENG-134759
020 ## - INTERNATIONAL STANDARD BOOK NUMBER
Terms of availability 75.00
International Standard Book Number 9789246272581
035 ## - SYSTEM CONTROL NUMBER
System control number EN-118291
037 ## - SOURCE OF ACQUISITION
Source of stock number/acquisition DBAD/PUB
082 ## - DEWEY DECIMAL CLASSIFICATION NUMBER
Classification number 230
100 ## - MAIN ENTRY--PERSONAL NAME
Personal name Krishnapriya, Sadguru Mathaji
245 ## - TITLE STATEMENT
Title The essence of bhakti/
Statement of responsibility, etc Sadguru Mathaji Krishnapriya and translated bySurampudi Venkateswara Rao
260 ## - PUBLICATION, DISTRIBUTION, ETC. (IMPRINT)
Place of publication, distribution, etc Visakhapatnam
Name of publisher, distributor, etc Sai Krishna Seva Samithi
Date of publication, distribution, etc 2011
270 ## - ADDRESS
Address "Sri Sai Shyama Nilayam", Ratnampet, Ramachandrapuram, East Godavari District
City A.P.
Postal code 533255
300 ## - PHYSICAL DESCRIPTION
Extent 119p.
Dimensions 18cm(pbk)
490 ## - SERIES STATEMENT
Series statement Essence of spirituality series
Volume number/sequential designation Vol-1
942 ## - ADDED ENTRY ELEMENTS (KOHA)
Source of classification or shelving scheme Dewey Decimal Classification
Item type English Books
Classification part 230
Call number suffix KRI
Holdings
Withdrawn status Lost status Not for loan Collection code Home library Current library Date acquired Source of acquisition Cost, normal purchase price Full call number Barcode Copy number Cost, replacement price Koha item type
      Non-fiction Ashok Vihar Ashok Vihar 29/08/2022 DBAD/PUB 75.00 230 KRI EN-118291 1 75.00 English Books

© Delhi Public Library
Hit Counter
free hit counter